[Event "Mondiale Lampo FIDE 2022"]
[Site "Alma Ata"]
[Date "30.12.2022"]
[Round "16.52"]
[White "Alonso Rosell, Alvar"]
[Black "Sjugirov, Sanan"]
[Result "1-0"]
[WhiteTitle ""]
[BlackTitle ""]
[WhiteElo "2561"]
[BlackElo "2712"]
[WhiteFideId "2270544"]
[BlackFideId "4189302"]
[EventDate "29.12.2022"]

1. d4 Nf6 2. c4 e6 3. Nf3 d5 4. g3 Bb4+ 5. Nc3 O-O 6. Bg2 Ne4 7. Qc2 Nc6 8. O-O
Bxc3 9. bxc3 Na5 10. cxd5 exd5 11. Nd2 Nxd2 12. Bxd2 Nc4 13. Bf4 c6 14. e4 dxe4
15. Bxe4 h6 16. Rfe1 Be6 17. Qd1 Re8 18. a4 Qa5 19. Bc2 Bf5 20. Bb3 Rxe1+ 21.
Qxe1 Be6 22. Ra2 Qb6 23. Bc2 Ne5 24. Bxe5 Bxa2 25. Qe4 f6 26. Qh7+ Kf7 27. Bg6+
Ke6 28. Bf5+ Kf7 29. Bg6+ Ke6 30. Qxg7 fxe5 31. Qf7+ Kd6 32. dxe5+ Kc5 33. Qxa2
Qd8 34. Qa3+ Kb6 35. Qb4+ Kc7 36. e6 Qd1+ 37. Kg2 Qd5+ 38. Kg1 Qxe6 39. Qf4+ Qd6
40. Qf7+ Kb6 41. a5+ Ka6 42. Bh5 Rb8 43. Qb3 Kxa5 44. Bf3 b5 45. c4 Kb6 46. Qe3+
Qc5 47. Qf4 Rd8 48. cxb5 Qxb5 49. Qxh6 a5 50. Qe3+ Qc5 51. Qb3+ Ka7 52. Qf7+ Kb8
53. Qf4+ Qd6 54. Qc4 Kc7 55. Qa6 Qc5 56. Qe2 a4 57. h4 a3 58. h5 Ra8 59. Qa2
Qc1+ 60. Kg2 Qb2 61. Qc4 Qf6 62. Qa2 Qd6 63. g4 Rf8 64. Qb3 Ra8 65. Qa2 Ra5 66.
Qf7+ Kb6 67. Qb3+ Rb5 68. Qe3+ Qc5 69. Qe8 Rb2 70. Qb8+ Ka5 71. Qa8+ Kb4 72. Kh3
Qxf2 73. Qb7+ Kc3 74. Qxc6+ Kd2 75. h6 Ke1 76. Qc1# 1-0

[Event "Mondiale Lampo FIDE 2022"]
[Site "Alma Ata"]
[Date "30.12.2022"]
[Round "16.53"]
[White "Christiansen, Johan-Sebastian"]
[Black "Yudin, Sergei"]
[Result "0-1"]
[WhiteTitle ""]
[BlackTitle ""]
[WhiteElo "2578"]
[BlackElo "2469"]
[WhiteFideId "1512668"]
[BlackFideId "4159659"]
[EventDate "29.12.2022"]

1. e4 d6 2. d4 Nf6 3. Nc3 e5 4. Nf3 Nbd7 5. Rg1 g6 6. g4 exd4 7. Nxd4 Bg7 8. Be3
d5 9. exd5 Ne5 10. Qe2 Nxd5 11. Nxd5 Qxd5 12. Bg2 Qa5+ 13. c3 Bxg4 14. f3 Bd7
15. f4 Bg4 16. Qf1 O-O 17. fxe5 Rae8 18. Kd2 Rxe5 19. Qf2 c5 20. Nb3 Qd8+ 21.
Kc1 Qd3 22. Bf4 Re2 23. Qxe2 Qxe2 24. Bf1 Qd1# 0-1

[Event "Mondiale Lampo FIDE 2022"]
[Site "Alma Ata"]
[Date "30.12.2022"]
[Round "16.54"]
[White "Aleksandrov, Aleksej"]
[Black "Vokhidov, Shamsiddin"]
[Result "0-1"]
[WhiteTitle ""]
[BlackTitle ""]
[WhiteElo "2495"]
[BlackElo "2579"]
[WhiteFideId "13500139"]
[BlackFideId "14204223"]
[EventDate "29.12.2022"]

1. Nf3 Nf6 2. e3 c5 3. d4 g6 4. Be2 Bg7 5. O-O O-O 6. dxc5 Qa5 7. a3 Qxc5 8. b4
Qc7 9. Bb2 b6 10. c4 Bb7 11. Nc3 d6 12. Rc1 Nbd7 13. Nd5 Qd8 14. Nxf6+ Nxf6 15.
Nd4 Rc8 16. Nb3 Qd7 17. h3 Rfd8 18. Nd4 e6 19. Qb3 Qe7 20. Rfd1 d5 21. Nb5 a6
22. Nc3 dxc4 23. Bxc4 Rxd1+ 24. Rxd1 Qc7 25. Bf1 Nd5 26. Na4 Qc2 27. Qxc2 Rxc2
28. Bxg7 Kxg7 29. e4 Nc3 30. Nxc3 Rxc3 31. Rd3 Rc1 32. f3 Bc6 33. Rd2 Bb5 34.
Rf2 Ra1 35. g3 Bxf1 36. Rxf1 Rxa3 37. Kf2 e5 38. Rc1 Ra4 39. b5 axb5 40. Rc6 Ra6
41. f4 exf4 42. gxf4 b4 43. Rc4 Ra4 44. Rc6 b5 45. Rb6 Ra5 46. Ke3 b3 47. Kd3 b2
48. Kc2 Ra4 49. f5 Rxe4 50. f6+ Kh6 51. Rb7 Kg5 52. Rxf7 h5 53. Rf8 Re2+ 54. Kb1
Rf2 55. f7 Kf6 56. h4 Kg7 0-1

[Event "Mondiale Lampo FIDE 2022"]
[Site "Alma Ata"]
[Date "30.12.2022"]
[Round "16.55"]
[White "Lintchevski, Daniil"]
[Black "Daneshvar, Bardiya"]
[Result "1/2-1/2"]
[WhiteTitle ""]
[BlackTitle ""]
[WhiteElo "2548"]
[BlackElo "2500"]
[WhiteFideId "4171055"]
[BlackFideId "12576468"]
[EventDate "29.12.2022"]

1. e4 c6 2. Nf3 d5 3. d3 g6 4. e5 Bg7 5. d4 f6 6. Nbd2 Nh6 7. Bd3 O-O 8. O-O Nf7
9. exf6 exf6 10. Re1 a5 11. Nf1 Na6 12. c3 Nc7 13. Ng3 Nd6 14. h3 a4 15. Rb1 Ne6
16. b3 axb3 17. axb3 Bd7 18. Rb2 Ra1 19. Rb1 Ra2 20. Rb2 Ra1 21. Rb1 Ra2 22. Re2
Rxe2 23. Nxe2 Ne4 24. Qc2 Re8 25. Ra1 Bf8 26. Be3 Ng7 27. Bf4 g5 28. Bh2 h5 29.
Ng3 Nxg3 30. Bxg3 Qc8 31. Re1 Rxe1+ 32. Nxe1 Bf5 33. Qe2 Kf7 34. f3 h4 35. Bh2
Qe6 36. Kf1 Bd6 37. Qxe6+ Kxe6 38. Bxd6 Kxd6 39. Kf2 Ke6 40. b4 b6 41. Ba6 Ke7
42. Bd3 Ke6 43. Ba6 Ke7 44. Bd3 Ke6 45. Ba6 Ke7 1/2-1/2

[Event "Mondiale Lampo FIDE 2022"]
[Site "Alma Ata"]
[Date "30.12.2022"]
[Round "16.56"]
[White "Savchenko, Boris"]
[Black "Agmanov, Zhandos"]
[Result "0-1"]
[WhiteTitle ""]
[BlackTitle ""]
[WhiteElo "2552"]
[BlackElo "2442"]
[WhiteFideId "4147332"]
[BlackFideId "13708309"]
[EventDate "29.12.2022"]

1. e4 c6 2. d4 d5 3. Nc3 dxe4 4. Nxe4 Nf6 5. Nxf6+ exf6 6. c3 Bd6 7. Bd3 O-O 8.
Qc2 Re8+ 9. Ne2 h5 10. Be3 Nd7 11. O-O-O Nf8 12. h3 h4 13. c4 Bd7 14. Nc3 Bb4
15. Kb1 Rc8 16. Ne4 Be7 17. Nd2 b5 18. Nf3 bxc4 19. Bxc4 f5 20. Ne5 Be6 21. Bxe6
fxe6 22. Nxc6 Qd7 23. d5 exd5 24. Nxe7+ Rxe7 25. Qb3 Re5 26. Rd3 Ne6 27. Rhd1 f4
28. Rxd5 Rxd5 29. Rxd5 Qf7 30. Bxa7 Qg6+ 31. Qd3 Qxg2 32. a4 Qh1+ 33. Ka2 Qc1
34. Rd6 Nf8 35. Bd4 Qc7 36. Qb3+ Kh7 37. Qd5 Qe7 38. Qf5+ Kg8 39. Qxc8 Qxd6 40.
Qc4+ Kh7 41. a5 Ne6 42. Bc3 Nc7 43. Qe4+ Kg8 44. b4 Qd7 45. Kb3 Nd5 46. Qc4 Kh7
47. b5 Nxc3 48. Kxc3 Qe7 49. Kb3 Qe1 50. Qc2+ Kh8 51. a6 Qa5 52. Qc8+ Kh7 53.
Qf5+ g6 54. Qf7+ Kh8 55. Qe8+ Kh7 56. Qd7+ Kh6 57. a7 Qa1 58. b6 Qb1+ 59. Kc4
Qc2+ 60. Kb5 Qe2+ 61. Kc6 Qe4+ 62. Qd5 Qe8+ 63. Kb7 Qe7+ 64. Kc8 Qe8+ 65. Kc7
Qe7+ 66. Kc6 Qe8+ 67. Kc5 Qf8+ 68. Kb5 Qe8+ 69. Kc5 Qf8+ 70. Kc4 Qc8+ 71. Kd3
Qa6+ 72. Ke4 Qe2+ 73. Kxf4 Qxf2+ 74. Ke5 Qe3+ 75. Qe4 Qc5+ 76. Kf4 Qf2+ 77. Ke5
Qc5+ 78. Qd5 Qe3+ 79. Kf6 Qxb6+ 80. Kf7 Qxa7+ 81. Ke8 Qb8+ 82. Kd7 Qa7+ 83. Kc8
Qa6+ 84. Kc7 Qf6 85. Qd2+ Qg5 86. Qd7 Qe5+ 87. Kb7 Qg7 88. Kc6 Qxd7+ 89. Kxd7 g5
90. Ke6 g4 0-1

[Event "Mondiale Lampo FIDE 2022"]
[Site "Alma Ata"]
[Date "30.12.2022"]
[Round "16.57"]
[White "Isanzhulov, Arystan"]
[Black "Yilmaz, Mustafa"]
[Result "0-1"]
[WhiteTitle ""]
[BlackTitle ""]
[WhiteElo "2313"]
[BlackElo "2617"]
[WhiteFideId "13711644"]
[BlackFideId "6302718"]
[EventDate "29.12.2022"]

1. e4 c5 2. d4 cxd4 3. c3 Nf6 4. e5 Nd5 5. Nf3 d6 6. Bc4 Nb6 7. Bb3 dxe5 8. Nxe5
e6 9. cxd4 Be7 10. O-O O-O 11. Nc3 N8d7 12. Qf3 Nf6 13. Rd1 Nbd5 14. Bg5 Nxc3
15. bxc3 Nd5 16. Bxd5 exd5 17. Bxe7 Qxe7 18. Qxd5 Be6 19. Qe4 Rfe8 20. Re1 Rad8
21. a4 Bd5 22. Qf4 Qc7 23. Qg3 Rc8 24. Ng4 Rxe1+ 25. Rxe1 Qxg3 26. hxg3 Be6 27.
Ne3 Rxc3 28. a5 Kf8 29. Rb1 Rc7 30. Kf1 Rd7 31. Ke2 Ke7 32. Kd3 Kd8 33. Ke4 Re7
34. d5 Bc8+ 35. Kd4 f5 36. Nc4 Re4+ 37. Kc5 Re2 38. Rb2 Re1 39. Kd6 Re7 40. Ne5
g6 41. Rc2 Rg7 42. Rc3 h5 43. f4 g5 44. fxg5 Bd7 45. g6 Be8 46. Rb3 Bxg6 47. a6
b6 48. Re3 Be8 49. Rf3 Rh7 50. Rxf5 Rh6+ 51. Ng6 Rxg6+ 52. Ke5 Rxg3 53. Rf4 Rxg2
54. Ke6 Rg6+ 55. Ke5 Rh6 56. Rh4 Ke7 57. Kd4 Bd7 58. Ke5 Bg4 59. Kd4 0-1

[Event "Mondiale Lampo FIDE 2022"]
[Site "Alma Ata"]
[Date "30.12.2022"]
[Round "16.58"]
[White "Narayanan, S.L."]
[Black "Ansat, Aldiyar"]
[Result "1-0"]
[WhiteTitle ""]
[BlackTitle ""]
[WhiteElo "2669"]
[BlackElo "2291"]
[WhiteFideId "5058422"]
[BlackFideId "13715658"]
[EventDate "29.12.2022"]

1. Nf3 Nf6 2. c4 c5 3. Nc3 d5 4. cxd5 Nxd5 5. d4 Nxc3 6. bxc3 g6 7. e3 Bg7 8.
Bb5+ Nd7 9. O-O O-O 10. a4 a6 11. Be2 b6 12. Ba3 Bb7 13. a5 b5 14. Bb2 Rc8 15.
Qb3 Qc7 16. Rfd1 Rfd8 17. c4 cxd4 18. Bxd4 bxc4 19. Bxc4 Qxc4 20. Qxb7 Rc7 21.
Qb2 Rb8 22. Qa3 e5 23. Rdc1 Qd5 24. Rxc7 exd4 25. Nxd4 Bf8 26. Qc1 Nc5 27. h3
Qd6 28. Rc6 Qd5 29. Rb1 Rd8 30. Rcb6 h5 31. Rb8 Rd7 32. R1b6 Kg7 33. Rc6 Bd6 34.
Rbb6 Be7 35. Qa1 Kh7 36. Rc8 Bd8 37. Rbb8 Bf6 38. Qa3 Bg7 39. Qxc5 Qe4 40. Rh8+
Bxh8 41. Rxh8+ Kxh8 42. Qc8+ Kg7 43. Qxd7 Qe5 44. Qa4 Qc5 45. Qa1 Kh7 46. Qe1
Qd5 47. f4 Qe4 48. Qc3 Qd5 49. Nf3 Kg8 50. Ng5 Qf5 51. Qc7 h4 52. Qxf7+ 1-0

[Event "Mondiale Lampo FIDE 2022"]
[Site "Alma Ata"]
[Date "30.12.2022"]
[Round "16.59"]
[White "Tabatabaei, M. Amin"]
[Black "Fedorov, Alexei"]
[Result "1-0"]
[WhiteTitle ""]
[BlackTitle ""]
[WhiteElo "2660"]
[BlackElo "2475"]
[WhiteFideId "12521213"]
[BlackFideId "13500465"]
[EventDate "29.12.2022"]

1. d4 c5 2. d5 d6 3. e4 Nf6 4. Nc3 g6 5. Nf3 Bg7 6. Nd2 O-O 7. Be2 Na6 8. O-O
Rb8 9. Re1 e6 10. h3 exd5 11. exd5 Re8 12. Bxa6 Rxe1+ 13. Qxe1 1-0

[Event "Mondiale Lampo FIDE 2022"]
[Site "Alma Ata"]
[Date "30.12.2022"]
[Round "16.60"]
[White "Munkhdalai, Amilal"]
[Black "Hambleton, Aman"]
[Result "0-1"]
[WhiteTitle ""]
[BlackTitle ""]
[WhiteElo "2142"]
[BlackElo "2437"]
[WhiteFideId "4903250"]
[BlackFideId "2606577"]
[EventDate "29.12.2022"]

1. e4 b6 2. c4 Bb7 3. Nc3 e6 4. d4 Bb4 5. f3 Ne7 6. a3 Bxc3+ 7. bxc3 f5 8. Bd3
O-O 9. Qe2 Nbc6 10. Nh3 fxe4 11. fxe4 e5 12. d5 Na5 13. Be3 d6 14. Ng5 Bc8 15.
h3 h6 16. Nf3 Ng6 17. g3 Qe8 18. a4 Bd7 19. Qd1 Rf7 20. Nd2 Qc8 21. Qh5 Kh7 22.
Nf3 Rf6 23. O-O Kg8 24. Kh2 Be8 25. Qg4 Bd7 26. Qh5 Be8 27. Qg4 Qd7 28. Nd2 Rxf1
29. Rxf1 Qxg4 30. hxg4 Bxa4 31. Ra1 Bd7 32. c5 dxc5 33. Bxc5 Nb7 34. Be3 Bxg4
35. c4 a5 36. Nb3 Nf8 37. c5 bxc5 38. Nxc5 Nxc5 39. Bxc5 Nd7 40. Be3 Kh7 41. Bb5
Nb6 42. Bc6 Ra6 43. Bb5 Ra8 44. d6 Bd7 45. Be2 Nc8 46. dxc7 a4 47. Bc5 Ra5 48.
Ba3 Ra7 49. Rc1 Kg6 50. Rc5 Kf6 51. Bb2 a3 52. Bxe5+ Kf7 53. Ba1 a2 54. Rc2 Be6
55. Kg2 g6 56. Kf2 Ke7 57. Ke3 Nd6 58. e5 Nc8 59. Bd3 g5 60. Be2 Ra3+ 61. Kf2
Kd7 62. Bb5+ Ke7 63. Be2 Ra5 64. Bc4 Bxc4 65. Rxc4 Kd7 66. Rc2 Ke6 67. g4 Kd7
68. Kf3 Ra4 69. Kg3 Ra3+ 70. Kg2 Ra6 71. Kf3 Ne7 72. Ke4 Ra4+ 73. Kf3 Kc8 74.
Kg3 Ra3+ 75. Kf2 Nd5 76. Rc6 Rb3 77. Ra6 Nb4 78. Rxh6 Rb1 0-1

[Event "Mondiale Lampo FIDE 2022"]
[Site "Alma Ata"]
[Date "30.12.2022"]
[Round "16.61"]
[White "Munkhgal, Gombosuren"]
[Black "Utegaliyev, Azamat"]
[Result "1-0"]
[WhiteTitle ""]
[WhiteElo "2463"]
[BlackElo "2445"]
[WhiteFideId "4901266"]
[BlackFideId "13702467"]
[EventDate "29.12.2022"]

1. d4 Nf6 2. Bf4 g6 3. Nc3 d5 4. e3 c6 5. h4 Qb6 6. Rb1 h5 7. Nf3 Bg4 8. Be2
Bxf3 9. Bxf3 Bg7 10. a3 Nbd7 11. Qe2 O-O 12. g4 hxg4 13. Bxg4 Nxg4 14. Qxg4 Nf6
15. Qf3 Nh5 16. Rg1 Rae8 17. Be5 Qd8 18. Qxh5 gxh5 19. Rxg7+ Kh8 20. Rxf7+ Kg8
21. Rg7+ Kh8 22. Rf7+ Kg8 23. Rg7+ Kh8 24. Rxe7+ Kg8 25. Rg7+ Kh8 26. Rd7+ Kg8
27. Rxd8 Rxd8 28. Ne2 Kf7 29. Nf4 Rg8 30. Ke2 Rg4 31. Rh1 c5 32. Nxh5 Rc8 33. c3
cxd4 34. Bxd4 a5 35. Nf4 Re8 36. Kf3 Reg8 37. h5 Rg1 38. Rh2 1-0

[Event "Mondiale Lampo FIDE 2022"]
[Site "Alma Ata"]
[Date "30.12.2022"]
[Round "16.62"]
[White "Najer, Evgeniy"]
[Black "Gurel, Ediz"]
[Result "1-0"]
[WhiteTitle ""]
[BlackTitle ""]
[WhiteElo "2662"]
[BlackElo "2454"]
[WhiteFideId "4118987"]
[BlackFideId "44507356"]
[EventDate "29.12.2022"]

1. e4 c5 2. Nf3 e6 3. d4 cxd4 4. Nxd4 Nc6 5. Nc3 Qc7 6. Be3 a6 7. Qf3 Nf6 8.
O-O-O Ne5 9. Qg3 h5 10. f4 Neg4 11. Bd2 b5 12. Bd3 b4 13. Nce2 Bb7 14. h3 Nh6
15. Qe3 Bc5 16. Kb1 d5 17. e5 Ne4 18. Bxe4 dxe4 19. Qb3 Qb6 20. Qa4+ Ke7 21. f5
Nxf5 22. Nxf5+ exf5 23. Bg5+ Kf8 24. Qd7 Kg8 25. Nf4 Bc8 26. Qe8+ Kh7 27. Qxf7
Rf8 28. Qxh5+ Kg8 29. Ng6 Re8 30. Bf6 Bf8 31. Qh8+ Kf7 32. Nxf8 gxf6 33. Rd6
Qxd6 34. exd6 Be6 35. Rf1 Rxf8 36. Qh7+ 1-0

[Event "Mondiale Lampo FIDE 2022"]
[Site "Alma Ata"]
[Date "30.12.2022"]
[Round "16.63"]
[White "Gharibyan, Mamikon"]
[Black "Saraci, Nderim"]
[Result "1-0"]
[WhiteTitle ""]
[BlackTitle ""]
[WhiteElo "2480"]
[BlackElo "2468"]
[WhiteFideId "13308300"]
[BlackFideId "6351921"]
[EventDate "29.12.2022"]

1. Nf3 Nf6 2. g3 d5 3. Bg2 g6 4. c4 c6 5. b3 Bg7 6. Bb2 O-O 7. O-O Re8 8. d3
Nbd7 9. d4 Ne4 10. a4 e6 11. a5 Rb8 12. e3 b6 13. Nc3 Nxc3 14. Bxc3 Bb7 15. a6
Bc8 16. Qe2 Nc5 17. Ra3 Ne4 18. Bb2 b5 19. cxb5 Rxb5 20. Rc1 Qb6 21. Qc2 Bf8 22.
Ra2 Rxb3 23. Ne5 Bxa6 24. Bxe4 dxe4 25. Nd7 Bd3 26. Qd1 Rxb2 27. Nf6+ Kh8 28.
Rxb2 Qxb2 29. Nxe8 a5 30. Rxc6 a4 31. Rc8 a3 32. Nf6 Kg7 33. Ne8+ Kh6 34. h4 Qb1
35. Qxb1 Bxb1 36. Ra8 a2 37. g4 Bb4 38. Kh2 Bc3 39. g5+ Kh5 40. Kg3 1-0

[Event "Mondiale Lampo FIDE 2022"]
[Site "Alma Ata"]
[Date "30.12.2022"]
[Round "16.64"]
[White "Khripachenko, Alexander"]
[Black "Dragnev, Valentin"]
[Result "0-1"]
[WhiteTitle ""]
[BlackTitle ""]
[WhiteElo "2219"]
[BlackElo "2556"]
[WhiteFideId "54184975"]
[BlackFideId "1634852"]
[EventDate "29.12.2022"]

1. e4 c6 2. d4 d5 3. e5 Bf5 4. Nd2 e6 5. Nb3 Nd7 6. Nf3 Qc7 7. Be2 c5 8. Nxc5
Bxc5 9. dxc5 Nxc5 10. O-O Ne7 11. Be3 Nd7 12. c3 Nc6 13. Qa4 O-O 14. Nd4 Ndxe5
15. Nxf5 exf5 16. Qf4 Qd7 17. Rad1 Rad8 18. b4 Ng6 19. Qg3 Rfe8 20. Bf3 Qe6 21.
Bg5 Rd7 22. h4 h6 23. Bd2 Red8 24. Rfe1 Qd6 25. Qh3 Qf6 26. g3 Nce5 27. Bg2 Nc4
28. Bc1 b5 29. h5 Nf8 30. Rd3 Ne6 31. Red1 d4 32. Qh1 Ne5 33. R3d2 dxc3 34. Rxd7
Rxd7 35. Rxd7 Nxd7 36. Bd5 Qd4 37. Bb3 Qe4 38. Be3 a6 39. Qh3 Ne5 40. Qg2 Nf3+
41. Kf1 Qd3# 0-1

[Event "Mondiale Lampo FIDE 2022"]
[Site "Alma Ata"]
[Date "30.12.2022"]
[Round "16.65"]
[White "Tsaruk, Maksim"]
[Black "Cheng, Bobby"]
[Result "0-1"]
[WhiteTitle ""]
[BlackTitle ""]
[WhiteElo "2373"]
[BlackElo "2583"]
[WhiteFideId "13511173"]
[BlackFideId "4300033"]
[EventDate "29.12.2022"]

1. e4 g6 2. d4 Bg7 3. Nc3 d6 4. Be3 a6 5. Nf3 b5 6. Bd3 Nd7 7. h4 h6 8. e5 dxe5
9. Be4 Rb8 10. dxe5 e6 11. Nd4 Nxe5 12. f4 c5 13. fxe5 cxd4 14. Qxd4 Qc7 15.
O-O-O Bxe5 16. Bc6+ Kf8 17. Qd8+ Kg7 18. Qxc7 Bxc7 19. Ba7 Ne7 20. Bxb8 Bxb8 21.
Bf3 f5 22. Rhe1 Kf6 23. a4 b4 24. Na2 a5 25. c3 b3 26. Nb4 axb4 27. cxb4 e5 28.
Bd5 Nxd5 29. Rxd5 Be6 30. Rc5 Bd6 31. Rb5 e4 32. a5 Bf4+ 33. Kb1 Bd2 34. Rg1 e3
35. a6 Ra8 36. Rb6 e2 37. b5 e1=Q+ 38. Rxe1 Bxe1 39. Rc6 Bf2 40. Kc1 Ke5 41. Kd2
Bd4 42. Kd3 Bd5 43. Rxg6 Bxb2 44. Rxh6 Bd4 45. Rh7 b2 46. Re7+ Kd6 47. Re1 Bf6 0-1

[Event "Mondiale Lampo FIDE 2022"]
[Site "Alma Ata"]
[Date "30.12.2022"]
[Round "16.66"]
[White "Urazayev, Arystanbek"]
[Black "Sapenov, Daniyal"]
[Result "1-0"]
[WhiteTitle ""]
[BlackTitle ""]
[WhiteElo "2465"]
[BlackElo "2323"]
[WhiteFideId "13709810"]
[BlackFideId "13728911"]
[EventDate "29.12.2022"]

1. e4 e5 2. Nf3 Nc6 3. Nc3 Nf6 4. d4 exd4 5. Nxd4 Bb4 6. Nxc6 bxc6 7. Bd3 d5 8.
Bd2 O-O 9. O-O Bg4 10. Qc1 Bxc3 11. Bxc3 dxe4 12. Bxf6 Qxf6 13. Bxe4 Rab8 14. b3
Rfe8 15. Re1 h6 16. h3 Bf5 17. Bxf5 Qxf5 18. Qd2 Qc5 19. Rad1 Rxe1+ 20. Rxe1 Qa3
21. Qc3 Qd6 22. Qa5 Rb5 23. Qxa7 Qd2 24. Re8+ Kh7 25. Qxc7 Rf5 26. Rh8+ Kg6 27.
Qg3+ Rg5 28. Qd3+ Qxd3 29. cxd3 Ra5 30. a4 Rd5 31. Rc8 c5 32. d4 cxd4 33. Kf1 d3
34. Ke1 d2+ 35. Kd1 Rd3 36. Rb8 f6 37. a5 1-0

[Event "Mondiale Lampo FIDE 2022"]
[Site "Alma Ata"]
[Date "30.12.2022"]
[Round "16.67"]
[White "Averin, Nikolay"]
[Black "Ivic, Velimir"]
[Result "1-0"]
[WhiteTitle ""]
[BlackTitle ""]
[WhiteElo "2342"]
[BlackElo "2572"]
[WhiteFideId "24250473"]
[BlackFideId "950122"]
[EventDate "29.12.2022"]

1. e4 c5 2. Nf3 Nc6 3. d4 cxd4 4. Nxd4 e5 5. Nb5 d6 6. c4 Be6 7. N1c3 a6 8. Na3
g6 9. Nc2 Bg7 10. Be2 Nf6 11. O-O O-O 12. Be3 Rc8 13. Qd2 Qe7 14. Rfd1 Rfd8 15.
b3 Ng4 16. Bxg4 Bxg4 17. Nd5 Qf8 18. f3 Be6 19. Nb6 Rb8 20. Qe2 f5 21. Rd3 f4
22. Bf2 g5 23. Rad1 h5 24. Qd2 Qf7 25. Nb4 Bf8 26. N4d5 Re8 27. Qe1 Rbd8 28. Kf1
Bg7 29. Ke2 g4 30. Kd2 Nd4 31. Kc1 Bxd5 32. Nxd5 b5 33. Bxd4 exd4 34. cxb5 axb5
35. Kb1 Rc8 36. Qb4 Rc5 37. Rc1 Rec8 38. Rxc5 Rxc5 39. Qa5 gxf3 40. gxf3 Qd7 41.
Nxf4 Qc6 42. Qd8+ Kh7 43. Rd1 d3 44. Ne6 Re5 45. Rc1 Qxc1+ 46. Kxc1 Rxe6 47. Kd2
Rf6 48. Kxd3 Rxf3+ 49. Ke2 Rf6 50. Qb8 Re6 51. Kd3 Be5 52. Qxb5 Rf6 53. h4 Rf3+
54. Ke2 Rf4 55. Qd7+ Kh6 56. Qe6+ Rf6 57. Qd5 Rf4 58. a4 Rxh4 59. a5 Rh2+ 60.
Kd3 Ra2 61. b4 Ra3+ 62. Kc4 h4 63. Qe6+ Kg5 64. Qf5+ Kh6 65. Qe6+ Kg5 66. Qf5+
Kh6 67. Qf2 h3 68. Qh4+ Kg6 69. Qg4+ Kh6 70. Qh4+ Kg6 71. Qg4+ Kf7 72. Qh5+ Kf8
73. Qh6+ Ke7 74. Qh7+ Ke6 75. Qf5+ Ke7 76. Qh7+ Kf6 77. Qf5+ Kg7 78. Qg4+ Kf7
79. Qh5+ Ke7 80. a6 h2 81. Qh7+ Kf8 82. Qf5+ Kg8 83. Qg6+ Kf8 84. Qf5+ Kg7 85.
Qg5+ Kf7 86. Qf5+ Bf6 87. Qh5+ Ke7 88. Qxh2 Rxa6 89. Qh7+ Ke6 90. Qf5+ Ke7 91.
b5 Ra4+ 92. Kd5 Rb4 93. Qe6+ 1-0

[Event "Mondiale Lampo FIDE 2022"]
[Site "Alma Ata"]
[Date "30.12.2022"]
[Round "16.68"]
[White "Uskov, Artem"]
[Black "Ganguly, Surya Shekhar"]
[Result "1-0"]
[WhiteTitle ""]
[BlackTitle ""]
[WhiteElo "2376"]
[BlackElo "2582"]
[WhiteFideId "34254854"]
[BlackFideId "5002150"]
[EventDate "29.12.2022"]

1. e4 e5 2. f4 exf4 3. Nf3 g5 4. h4 d5 5. Qe2 g4 6. exd5+ Be7 7. Ne5 Nf6 8. Nc3
Nxd5 9. Nxd5 Qxd5 10. d3 Be6 11. Bxf4 Qd4 12. g3 Qxb2 13. Rd1 Bb4+ 14. Bd2 Bxd2+
15. Rxd2 Qa1+ 16. Rd1 Qc3+ 17. Rd2 Nd7 18. Nxd7 Kxd7 19. Bg2 Qa1+ 20. Rd1 Qc3+
21. Rd2 Qd4 22. Qf2 Qe5+ 23. Kf1 Rhe8 24. Kg1 Bd5 25. Kh2 Bxg2 26. Qxg2 c6 27.
Rf2 Re7 28. Rhf1 Qd5 29. Qxd5+ cxd5 30. Rxf7 Rc8 31. R1f2 b5 32. R7f4 Rg7 33.
Rf5 Kd6 34. Rf6+ Kc5 35. c3 Re7 36. R6f4 h5 37. Rf5 Rce8 38. Rxh5 Re2 39. Kg2
R8e3 40. Rh8 Rxf2+ 41. Kxf2 Rf3+ 42. Ke2 Rxg3 43. Rd8 Rg2+ 44. Ke3 Rxa2 45. Rc8+
Kd6 46. Rg8 Rg2 47. Kd4 Rg3 48. Rg6+ Kc7 49. h5 Rh3 50. h6 a5 51. Kc5 a4 52.
Rg7+ Kd8 53. h7 g3 54. Rg8+ Ke7 55. h8=Q Rxh8 56. Rxh8 a3 57. Rh1 Kf6 58. Kb4 a2
59. Kb3 Ke5 60. Kxa2 Kf4 61. Rg1 Kf3 62. Kb3 Kf2 63. Rb1 Ke3 64. d4 g2 65. Kb4 1-0

[Event "Mondiale Lampo FIDE 2022"]
[Site "Alma Ata"]
[Date "30.12.2022"]
[Round "16.69"]
[White "Kazakov, Konstantin"]
[Black "Harsha, Bharathakoti"]
[Result "1/2-1/2"]
[WhiteTitle ""]
[BlackTitle ""]
[WhiteElo "2385"]
[BlackElo "2593"]
[WhiteFideId "13700898"]
[BlackFideId "5078776"]
[EventDate "29.12.2022"]

1. d4 d5 2. Nf3 Nf6 3. Bf4 Bf5 4. e3 e6 5. c4 Bxb1 6. Qxb1 Bb4+ 7. Kd1 Bd6 8.
Bg3 c5 9. cxd5 Nxd5 10. Bb5+ Nc6 11. Ke2 O-O 12. Rd1 Bxg3 13. hxg3 Qb6 14. Bxc6
Qxc6 15. Kf1 Rfd8 16. Kg1 h6 17. Qc2 Rac8 18. Rac1 c4 19. a3 b5 20. Ne5 Qb6 21.
g4 c3 22. Qb3 cxb2 23. Qxb2 a6 24. Qd2 Qd6 25. Qd3 Rc7 26. Rxc7 Qxc7 27. g3 Rc8
28. e4 Nf6 29. f4 Rd8 30. g5 hxg5 31. fxg5 Nd7 32. Nxd7 Rxd7 33. d5 Qe5 34. g6
fxg6 35. d6 g5 36. Kg2 a5 37. Qd4 Qxd4 38. Rxd4 e5 39. Rd5 b4 40. axb4 axb4 41.
Rxe5 Rxd6 42. Rb5 Rd4 43. Kf3 Kf7 44. Rb7+ Kf6 45. Rb6+ Ke5 46. Rb5+ Ke6 47.
Rxg5 b3 48. Rb5 Rd3+ 49. Kf4 Kd6 50. e5+ Kc6 51. Rb8 Kd5 52. g4 Rc3 53. Rd8+ Kc4
54. e6 b2 55. Rc8+ Kd5 56. Rb8 Kxe6 57. Rxb2 Rc4+ 58. Kg5 Rc5+ 59. Kh4 Kf6 60.
Rb6+ Kf7 61. Ra6 Rd5 1/2-1/2

[Event "Mondiale Lampo FIDE 2022"]
[Site "Alma Ata"]
[Date "30.12.2022"]
[Round "16.70"]
[White "Bilguun, Sumiya"]
[Black "Narayanan, Srinath"]
[Result "1-0"]
[WhiteTitle ""]
[BlackTitle ""]
[WhiteElo "2474"]
[BlackElo "2559"]
[WhiteFideId "4901541"]
[BlackFideId "5018420"]
[EventDate "29.12.2022"]

1. e4 c6 2. d4 d5 3. Nd2 dxe4 4. Nxe4 Nf6 5. Nxf6+ exf6 6. c3 Bd6 7. Bd3 O-O 8.
Qc2 Re8+ 9. Ne2 h5 10. Be3 Nd7 11. O-O-O Nf8 12. Kb1 Be6 13. c4 b5 14. d5 cxd5
15. cxb5 Qa5 16. Nd4 Nd7 17. Nxe6 fxe6 18. Qc6 Qc7 19. Rc1 Qxc6 20. bxc6 Ne5 21.
Ba6 Bc7 22. Bb7 Rad8 23. Bxa7 Nd3 24. Rc3 Nf4 25. g3 d4 26. Rb3 Nh3 27. Rd1 e5
28. f3 f5 29. a4 Re7 30. Bc5 Rf7 31. f4 Nf2 32. Rf1 Ne4 33. Bb4 d3 34. fxe5 Bxe5
35. Rd1 Nf2 36. Rd2 Bd4 37. Ba5 Re8 38. c7 Rxc7 39. Bxc7 Re2 40. Bf4 Be5 41.
Rxe2 dxe2 42. Re3 Nd3 43. Bxe5 e1=Q+ 44. Rxe1 Nxe1 45. a5 1-0

[Event "Mondiale Lampo FIDE 2022"]
[Site "Alma Ata"]
[Date "30.12.2022"]
[Round "16.72"]
[White "Suleymenov, Alisher"]
[Black "Zhalmakhanov, Ramazan"]
[Result "0-1"]
[WhiteTitle ""]
[BlackTitle ""]
[WhiteElo "2476"]
[BlackElo "2401"]
[WhiteFideId "13707833"]
[BlackFideId "13706357"]
[EventDate "29.12.2022"]

1. d4 Nf6 2. c4 e6 3. Nc3 Bb4 4. f3 c5 5. d5 b5 6. e4 O-O 7. Nh3 exd5 8. cxd5 d6
9. Nf2 a6 10. Be2 Re8 11. O-O Nbd7 12. Bg5 c4 13. Kh1 h6 14. Bh4 Qb6 15. Qc2 Bc5
16. Rae1 Nh5 17. Nh3 Nhf6 18. f4 Bd4 19. Bf3 Nc5 20. Nf2 Bd7 21. Ne2 Be3 22.
Bxf6 gxf6 23. Nd1 Nd3 24. g3 Bf2 25. Nxf2 Nxf2+ 26. Kg2 Bh3+ 27. Kg1 Nxe4+ 28.
Kh1 Nf2+ 29. Kg1 Nd3+ 30. Kh1 Nxe1 31. Rxe1 Qf2 32. Qc3 Rxe2 33. Bxe2 Bg2# 0-1